<?xml version="1.0" encoding="UTF-8"?>
<collection xmlns="http://www.loc.gov/MARC21/slim">
 <record>
  <leader>01135nam a22002055a 4500</leader>
  <controlfield tag="001">CEM.cems020873</controlfield>
  <controlfield tag="008">240305s2016####ag############000#0#und#d</controlfield>
  <controlfield tag="005">20240305153556.0</controlfield>
  <datafield tag="245" ind1="1" ind2="0">
   <subfield code="a">Los futbolísimos :</subfield>
   <subfield code="b">el misterio del arquero fantasma /</subfield>
   <subfield code="c">Roberto Santiago ; ilustrado por Enrique Lorenzo.</subfield>
  </datafield>
  <datafield tag="250" ind1=" " ind2=" ">
   <subfield code="a">1a ed.</subfield>
  </datafield>
  <datafield tag="260" ind1=" " ind2=" ">
   <subfield code="a">Buenos Aires :</subfield>
   <subfield code="b">SM,</subfield>
   <subfield code="c">2016.</subfield>
  </datafield>
  <datafield tag="300" ind1=" " ind2=" ">
   <subfield code="a">312 p.</subfield>
  </datafield>
  <datafield tag="520" ind1=" " ind2=" ">
   <subfield code="a">Comienza el curso y hay un compañero nuevo en clase. Se llama Peng Wao y es de Tiajín, China. Es un crack en matemáticas y algunos dicen que puede leer la mente. Y lo más increíble de todo: se ha presentado a las pruebas de selección del equipo Soto Alto Peng Wao y seis chicos más. Pero en el equipo tan solo puede haber nueve jugadores. Además, el lugar del Soto Alto en la liga intercentros está en peligro por una absurda apuesta. ¿Será el fin de Los Futbolísimos?</subfield>
  </datafield>
  <datafield tag="020" ind1=" " ind2=" ">
   <subfield code="a">9789877313482</subfield>
  </datafield>
  <datafield tag="100" ind1="1" ind2=" ">
   <subfield code="a">Santiago, Roberto.</subfield>
  </datafield>
  <datafield tag="700" ind1="1" ind2=" ">
   <subfield code="a">Lorenzo, Enrique.</subfield>
  </datafield>
  <datafield tag="653" ind1=" " ind2=" ">
   <subfield code="a">Literatura juvenil</subfield>
  </datafield>
  <datafield tag="653" ind1=" " ind2=" ">
   <subfield code="a">Literatura española</subfield>
  </datafield>
  <datafield tag="653" ind1=" " ind2=" ">
   <subfield code="a">Novela juvenil</subfield>
  </datafield>
  <datafield tag="859" ind1=" " ind2=" ">
   <subfield code="a">CEMS</subfield>
   <subfield code="b">BIB. CEMS - Inicial y Primaria</subfield>
   <subfield code="h">863.4</subfield>
   <subfield code="i">Sa594-1</subfield>
   <subfield code="k">IP</subfield>
   <subfield code="p">6267</subfield>
   <subfield code="t">Ej. 1</subfield>
   <subfield code="3">3</subfield>
  </datafield>
 </record>
</collection>
